马可. 波罗游记 (Record no. 54828)

000 -LEADER
fixed length control field 00505nam a22001937a 4500
003 - CONTROL NUMBER IDENTIFIER
control field MPLRDC
005 - DATE AND TIME OF LATEST TRANSACTION
control field 20220104160130.0
008 - FIXED-LENGTH DATA ELEMENTS--GENERAL INFORMATION
fixed length control field 210129b ||||| |||| 00| 0 eng d
020 ## - INTERNATIONAL STANDARD BOOK NUMBER
International Standard Book Number 7-80595-842-4
082 ## - DEWEY DECIMAL CLASSIFICATION NUMBER
Classification number 719.37 POL
100 ## - MAIN ENTRY--PERSONAL NAME
Personal name MARCO POLO
245 ## - TITLE STATEMENT
Title 马可. 波罗游记
Statement of responsibility, etc. 大陆桥翻译社译
250 ## - EDITION STATEMENT
Edition statement 一版一刷
260 ## - PUBLICATION, DISTRIBUTION, ETC.
Place of publication, distribution, etc. 中国
Name of publisher, distributor, etc. 远方出版社
Date of publication, distribution, etc. 2003
300 ## - PHYSICAL DESCRIPTION
Other physical details 184
490 ## - SERIES STATEMENT
Series statement 发现/大旅行家游记
650 ## - SUBJECT ADDED ENTRY--TOPICAL TERM
Topical term or geographic name entry element 印度半岛游记
942 ## - ADDED ENTRY ELEMENTS (KOHA)
Koha item type Book
-- 719.37 POL
Holdings
Withdrawn status Lost status Source of classification or shelving scheme Damaged status Not for loan Collection code Home library Current library Shelving location Date acquired Cost, normal purchase price Total Checkouts Full call number Barcode Date last seen Date last checked out Price effective from Koha item type Public note
            Malaysian Public Library, Research and Development Centre Malaysian Public Library, Research and Development Centre   10/12/2007 48.00   719.37 POL 00055019 18/03/2021 21/08/2016 18/03/2021 Book mplrdc

© 2022. Malaysian Public Library, Research and Development Centre. All Right ReservedE-mailmplrdc@help.edu.my 

Powered by Koha